Georgian Alphabet (Kartuli, Mkhedruli) - Statistics

General Stats
  • This quiz has been taken 135 times
  • The average score is 22 of 33
Answer Stats
% Correct
L
91%
A
88%
I
85%
M
82%
O
82%
R
82%
B
79%
E
79%
G
76%
N
76%
S
76%
T'
76%
V
76%
D
73%
K’
73%
U
73%
Z
73%
K
70%
P'
70%
T
70%
P
67%
TS
61%
CH
55%
DZ
55%
TS'
55%
J
52%
KH
52%
SH
52%
GH
48%
CH'
45%
H
45%
Q'
27%
ZH
24%
No matching quizzes found
Score Distribution
Percent of People with Each Score
Percentile by Number Answered
Your Score History
You have not taken this quiz